[Event "Match 77__120'/40"]
[Site "Zürich"]
[Date "2024.??.??"]
[Round "23"]
[White "Super Forte C 6 MHz sel. 4"]
[Black "Mephisto Polgar sel. 5"]
[Result "1-0"]
[WhiteElo "2009"]
[BlackElo "1981"]
[Annotator "Utzinger,K"]
[PlyCount "124"]
[EventDate "2024.??.??"]
[SourceVersionDate "2024.04.21"]

1. e4 c5 {Match 120'/40 | Bediener: Rolf Bühler | 23. Partie: Weiss (Super Forte C) gewinnt | Zwischenstand: 12,5-10,5 (52,2%) für Super Forte C; hypothetisch:11,5-11,5 (50%) Gleichstand | Buchzüge total: Super Forte C = 261, Mephisto Polgar = 236 | In dieser Partie, Sizilianische Verteidigung, Najdorf Variante, hat fast ausschliesslich der Super Forte C sel. 4 die Hosen an. Er kann sich aber schliesslich in einem recht schwierigen Endspiel verdient durchsetzen.} 2. Nf3 d6 3. d4 cxd4 4. Nxd4 Nf6 5. Nc3 a6 6. Be2 e5 7. Nb3 Be7 8. O-O {***ENDE BUCH***} O-O {***ENDE BUCH***} 9. Qd3 Nc6 10. Nd5 Nxd5 11. exd5 Na7 12. Bd2 Bh4 {Man fragt sich, was der Läufer hier zu suchen hat.} 13. c4 b5 $6 (13... Bd7 {verdient den Vorzug, weil} 14. c5 Bb5 15. Qe3 dxc5 16. Nxc5 Bxe2 17. Qxe2 Qxd5 {für Weiss keinen Vorteil bringt.}) 14. c5 $1 $16 {Nun aber ist dieser Vorstoss sehr stark und steht Weiss klar besser.} dxc5 15. Nxc5 Be7 16. Rac1 (16. b4 $18 {sieht gar noch stärker aus}) 16... f5 $18 {[%mdl 2] [#]Dass die modernen Engines diese Stellung bereits als für Weiss gewonnen betrachten, ist aus Sicht der Oldies total unbegreiflich, aber auch für menschliche Spieler alles andere als auf den ersten Blick klar. Immerhin lässt sich feststellen, dass der weisse Springer auf c5 riesenstark steht und die Entwicklung der gegnerischen Figuren völlig hemmt. Es fragt sich deshalb, ob Schwarz nicht besser den Riesenspringer beseitigt hätte. Aber selbst nach 16...Lxc5 17.Txc5 ist Schwarz nicht auf Rosen gebettet: der Lc8 hat nur ein bescheidenes Entwicklungsfeld auf d7, der Springer auf a7 steht miserabel, der d5-Bauer beschränkt die gegnerischen Figuren enorm, die c-Linie befindet sich im Besitz von Weiss, und schliesslich verfügt Weiss auch über das starke Läuferpaar.} 17. Rfe1 {Selbst diese Ungenauigkeit vermag den weissen Vorteil nicht entscheidend zu schmälern.} ({Light Of Chess 1.0-avx2:} 17. Rfd1 {Erwartungswert 100% oder +- 3.91 bei ST 42.} Kh8 18. Qb3 Qe8 19. Ba5 Bxc5 20. Rxc5 Bd7 21. Qb4 Rc8 22. Bb6 Rb8 23. Bc7 Ra8 24. f4 exf4 25. Bf3 h6 26. Qxf4 Kh7 27. h4 b4 28. Ba5 Qf7 29. Bxb4 Rac8 30. b3 Rfe8 31. a4 Qf6 32. Qd4 Qxd4+ 33. Rxd4 Re3 34. Bd1 Rxc5 35. Bxc5 Nc8 36. a5 g5 37. Kf2 Rc3 38. b4 Kg6 39. Be2 Rc2 40. Ke1 gxh4 41. Bxa6 Rxg2 42. Rxh4 Ra2 {[%eval 391,42] [%wdl 1000,0,0]}) 17... e4 18. Qb3 {droht d5-d6+ mit Eroberung des schwarzen Läufers auf e7} Bd6 19. h3 {Verringert den Vorteil um wenigstens eine Bauerneinheit} (19. Ne6 {kann als gewinnbringend angesehen werden.} Bxe6 20. dxe6 Qe7 21. Be3 f4 22. Bd4 Rae8 23. Bg4 $18) 19... Qh4 {Schwarz mangelt es an guten Zügen} 20. Rc2 {Hier waren 20.Se6 und 20.Ted1 deutlich stärker.} Qe7 21. Bf1 Bxc5 {Endlich wird der lästige Springer beseitigt, ohne allerdings die Stellungsprobleme lösen zu können.} 22. d6+ Qe6 23. Rxc5 Qxb3 24. axb3 Rd8 25. Bf4 g5 {Schwarz möchte gerne seinen g-Bauern gegen den weissen d6-Bauern tauschen.} 26. Be5 (26. Bxg5 $1 {Die stärkste Fortsetzung} Rxd6 27. Rc7 $18 Bd7 28. Bf4 Rd5 29. Rec1 $18 {und nun ist der positionelle Vorteil von Weiss überwältigend.}) 26... Be6 27. Rc7 $1 Nc8 28. b4 (28. Rg7+ {ist der einfachere Gewinnweg.} Kf8 29. Rxh7 Nxd6 30. Rh6 Kf7 31. Be2 $18) 28... Bf7 {Selbst die beste Verteidigung mti 28...Lb3 genügt bei weitem nicht mehr. Doch hätte sich dabei der Super Forte C die Zähne ausbeissen können.} (28... Nxd6 $2 29. Rc6) (28... Bb3 29. Be2 Nxd6 30. Bf6 Re8 31. Rg7+ Kf8 32. Rxh7 Nf7 33. Bh5 Rac8 34. Bxf7 Bxf7 35. Rd1 Rc6 36. Rh8+ Bg8 37. Bxg5 Kg7 38. Rh4 Be6 39. Kh2 Rc4 40. Rd6 Rxb4 41. Rh6 e3 (41... Bf7 42. Rd7 Rxb2 43. Rf6 Rf8 44. Rxa6 Kg8 45. Bh6 e3 46. fxe3 $18) 42. fxe3 Re4 43. Rxa6 $18) 29. Rd1 Nb6 30. Bf6 Rd7 31. Rxd7 Nxd7 32. Bxg5 Rc8 33. Rc1 $2 {[%mdl 32768] Weiss zerstört seine Gewinnstellung durch den möglichen Turmtausch. Die beste Fortsetzung mit 33.g4! liegt allerdings wie so oft weit ausserhalb des Rechenhorizonts unserer Lieblinge.} Rxc1 34. Bxc1 Kg7 $2 {Schwarz verpasst es, die weissfeldrigen Läufer zu tauschen. Hernach verbliebe Weiss mit seinem lahmen Läufer auf der dunklen Farbe, wobei es wichtig ist, dass der unvertreibbare Sd7 die Einbruchsfelder c5 und e5 für den gegnerischen König abschirmen kann, bzw. das Manöver Sd7-b6-d5(c4) zur Verfügung hat, sobald der schwarze König auf f7 steht und so den d6-Bauern im Griff hat.} (34... Bc4 $3 35. Bxc4+ (35. Bf4 Bxf1 36. Kxf1 Kf7 37. Ke2 Nb6 $11) 35... bxc4 36. Bf4 Kf7 37. Kf1 Ke6 38. Ke2 Nb6 39. g4 (39. f3 exf3+ 40. Kxf3 Nd5 $11) 39... fxg4 40. hxg4 Nd5 $11) 35. f3 $6 {Mit 35.Le2 konnte Weiss noch auf Vorteil hoffen, denn 35...Lc4 kann mit 36.Ld1 beantwortet werden und Erhalt des Läuferpaars.} Be6 $2 $18 {[%mdl 2] [#] Schwarz hätte 36...exf3 spielen sollen.} (35... exf3 36. gxf3 $14) 36. Kf2 Nf6 (36... exf3 {wird nun mit} 37. Kxf3 $18 {beantwortet}) 37. g3 (37. Be2 $1 $18 {ist präziser}) 37... Nd5 38. fxe4 fxe4 39. Bd2 $18 {Weiss hat wieder eine Gewinnstellung erreicht: starker Mehrbauer auf d6, Bauernmehrheit 2 gegen 1 am Königsflügel, Läuferpaar, schwacher e4-Bauer.} Kf6 40. Bc3+ Kf5 (40... Nxc3 {hilft ebenso wenig} 41. bxc3 Ke5 42. Ke3 Bc8 43. g4 h6 44. Bg2 Kxd6 45. Bxe4 Ke5 46. Bg2 $18 {und Schwarz kommt in Zugzwang: Entweder muss der Ke5 dem weissen König den Vormarsch auf die 4. und 5. Reihe gestatten oder den a6-Bauern verlieren. Dann gibt es auch noch die starke Alternative, mit h3-h4 und g4-g5 einen tödlichen Freibauern zu bilden.} Be6 47. Bf3 Bc8 48. h4 Kf6 49. Kf4 Ke6 50. g5 Kf7 51. Be4 Kg7 52. Ke5 h5 53. Kd6 $18 {mit leichtem Gewinn}) 41. h4 Nf6 {Mehr Widerstand leistet 41...e3+, siehe Variante.} (41... e3+ 42. Kf3 {droht Ld3 Matt} Kg6 43. Bd3+ Kh5 44. Be1 h6 45. Ke4 Nb6 46. Kxe3 Nc8 47. Kd4 Nxd6 48. Ke5 Bc4 49. Bh7 Nf7+ 50. Kf4 Be6 51. Be4 Bh3 52. Bc3 Nd6 53. Bd5 {droht Le5, Springer zieht, Lf7 Matt} Kg6 54. h5+ Kh7 55. Ke5 Nc4+ 56. Kf6 Bg4 57. Be4+ Kg8 58. Kg6 Ne3 59. Kxh6 $18) 42. Ke3 {Einfacher gewinnt Weiss durch das Schlagen des Springers.} (42. Bxf6 Kxf6 43. Ke3 Ke5 44. Bg2 Kxd6 45. Bxe4 h6 46. Kf4 $18) 42... Ng4+ 43. Kd4 Bd7 44. Bg2 e3 45. Bd5 Nf6 46. Bf3 Ng4 47. Kd3 Nh2 48. Bd5 Kg4 (48... Ng4 49. Be4+ Ke6 50. Bxh7 Kxd6 51. Bd4 Kd5 52. Be4+ Ke6 53. Bxe3 $18) 49. Kxe3 Kxg3 50. Be5+ {Nun wickelt der Super Forte C gekonnt ab.} Kh3 51. Bxh2 $1 Kxh2 52. Kf4 Kh3 53. Kg5 Kg3 54. Kf6 Kxh4 55. Ke7 Bg4 (55... Bc8 56. Be6 $18) 56. Be6 h5 57. d7 Bxe6 58. Kxe6 {Der Kampf ist entschieden.} Kg4 59. d8=Q h4 60. Qf6 h3 61. Qf2 h2 62. Qxh2 Kf3 {***AUFGEGEBEN***} 1-0

[Event "Match 77__120'/40"]
[Site "Zürich"]
[Date "2024.??.??"]
[Round "24"]
[White "Mephisto Polgar sel. 5"]
[Black "Super Forte C 6 MHz sel. 4"]
[Result "1-0"]
[WhiteElo "1981"]
[BlackElo "2009"]
[Annotator "Utzinger,K"]
[PlyCount "70"]
[EventDate "2024.??.??"]
[SourceVersionDate "2024.04.21"]

{[%evp 0,70,40,25,15,-21,0,0,29,9,9,14,13,13,42,35,31,36,30,8,28,31,53,25,47,37,28,31,47,58,115,97,139,167,184,126,156,122,120,60,151,154,154,157,150,148,158,130,147,129,144,154,165,158,172,112,181,198,229,276,539,545,888,583,1050,1083,1331,1381,1381,1343,1595,1397,1723]} 1. d4 d5 {Match 120'/40 | Bediener: Rolf Bühler | 24. Partie: Weiss (Mephisto Polgar) gewinnt | Zwischenstand: 12,5-11,5 (52,2%) für Super Forte C; hypothetisch: 12,5-11,5 (52%) für Mephisto Polgar | Buchzüge total: Super Forte C = 269, Mephisto Polgar = 242 | Im abgelehnten Damengambit, Tarrasch-Verteidigung, Prager Variante, kommt Weiss mit leichtem Vorteil aus der Eröffnung. Nach der fehlerhaften Abwicklung 15...dxe4? verliert der Super Forte C sel. 4 einen Bauern und gerät frühzeitig in eine verlorene Stellung. Davon kann sich das Programm von David Kittinger nicht mehr erholen, und der Mephisto Polgar sel. 5 lässt in der Folge nichts mehr anbrennen und feiert einen mehr oder weniger überzeugenden Sieg.} 2. c4 e6 3. Nc3 c5 4. e3 Nf6 5. Nf3 Nc6 6. a3 {***ENDE BUCH***} Be7 {Das führt nach 7.dxc5 Lxc5 zu einem umgekehrten Angenommenen Damengambit mit einem Mehrtempo für Weiss, weil der schwarze Läufer zweimal hat ziehen müssen. Deshalb suchen viele Spieler nach Alternativen zum Textzug.} (6... a6 {ist die üblichste Fortsetzung, der den Kampf um das Brechen der Symmetrie, bzw. das Erzielen eines geringen Vorteils, fortführt.} 7. dxc5 Bxc5 8. b4 Bd6 $11) (6... cxd4 7. exd4 Be7 {ergibt mit Zugumstellung eine Variante der Caro-Kann-Verteidigung} 8. c5 Ne4 9. Qc2 $14) (6... dxc4 7. Bxc4 a6 {ist ebenfalls gut spielbar} 8. O-O b5 9. Bd3 Bb7 10. dxc5 Bxc5 11. b4 Bd6 $11) 7. dxc5 Bxc5 8. b4 Bd6 {***ENDE BUCH***} 9. cxd5 (9. Bb2 {ist eine gleichwertige Alternative} O-O 10. cxd5 exd5 11. Be2 $11) 9... exd5 10. Be2 (10. Nxd5 $4 {ist ein Anfängerfehler, denn nach} Nxd5 {ist der Springer weg, weil Weiss nicht zurückschlagen darf} 11. Qxd5 $4 Bxb4+ 12. axb4 Qxd5 $19 {und die weisse Dame ist futsch.}) 10... Be6 {Da der Bauer d5 für Weiss noch immer tabu ist und es noch unklar ist, wo dieser Läufer am besten platziert wird, verdient die kurze Rochade mit 10...0-0 den Vorzug.} 11. O-O Rc8 12. Bb2 O-O 13. Rc1 $14 {Weiss steht leicht besser.} Ne4 $6 $146 {Eine etwas fragwürdige Neuerung, weshalb 13...a5 oder 13...De7 anzuraten sind, wobei die von Stockfish 16.1 produzierte stärkste Fortsetzung nicht dramatisch ist für Schwarz. So gesehen, darf 13...Se4 nicht als Fehler deklariert werden.} 14. b5 ({Stockfish 16.1:} 14. Nxe4 dxe4 15. Nd4 Qf6 16. Nxe6 Qxe6 17. h3 Rfd8 18. Qa4 $16) 14... Ne7 $2 {Dieser Rückzug hingegen verdient kritisiert zu werden. Mithalten konnte Schwarz mit 14...Se5 usw.} 15. Nxe4 $1 {[#]} dxe4 $2 $18 {[%mdl 2] Verlustzug, auch wenn Schwarz nach der besten Verteidigung 15...Txc1 nichts zu Lachen hätte.} (15... Rxc1 16. Nf6+ gxf6 17. Qxc1 $18) 16. Qd4 {Mit Angriff auf g7 mit Matt und auf e4, so dass Weiss einen wichtigen Bauern einheimsen kann.} Nf5 17. Qxe4 Qe7 18. Rxc8 {Hier war 18.Sd4 eine Spur genauer, denn weshalb soll man dem Gegner freiwillig die offene c-Linie überlassen?} Rxc8 19. Nd4 $6 {Es gibt stärkere Alternativen wie 19.Td1 oder 19.a4.} Rc5 $2 {[%mdl 2] Danach gerät Schwarz wieder in eine verlorene Stellung.} (19... Nxd4 {hätte den Schaden in Grenzen gehalten und vom Mephisto Polgar alles abverlangt für den Sieg.} 20. Qxd4 f6 21. Qa4 (21. Qxa7 $2 Rc2 $17) 21... Qf7 22. Qe4 $16) 20. Nxe6 (20. Rd1 $18 {ist ebenfalls riesenstark.}) 20... Qxe6 21. Qxe6 fxe6 22. Bd3 Kf7 23. g4 {[#]} Ne7 {Für einen GM ist diese Stellung wohl nur noch eine technische Sache, um mit Weiss zu gewinnen. Bei unseren Oldies kann allerdings noch viel passieren. Für menschliche Schachspieler wäre dies ein gutes Testbeispiel, um die Realisierung des weissen Vorteils (Mehrbauer, starkes Läuferpaar) im Kampf gegen eine Engine zu üben.} 24. f4 Rd5 25. Rd1 Bc5 26. Kf2 h5 {Will sich das Feld f5 für den Springer wieder freimachen.} 27. f5 {Die Aufrechterhaltung der Spannung und Kontrolle des Feldes f5 durch 27.h3 ist deutlich wirkungsvoller.} Rd6 {Weshalb Schwarz hier nicht zu dem auf der Hand liegenden 27...hxg4 entscheidet, ist schwer verständlich.} 28. fxe6+ Kxe6 29. gxh5 ({Nichts sprach auch gegen} 29. Bc4+ Kd7 30. Rxd6+ Kxd6 31. gxh5 Nf5 32. Kf3 Nxe3 (32... Bxe3 $2 33. Ke4 $18) (32... g6 33. Bd3 $18) 33. Bxg7 Nf5 34. h6 $18) 29... Nd5 30. Bc4 a6 (30... Bxe3+ 31. Kf3 Bc5 32. Rxd5 Rxd5 33. Ke4 $18) 31. bxa6 b5 {Das riecht nach purer Verzweiflung.} 32. Bxd5+ Rxd5 33. Rxd5 Kxd5 34. Bxg7 Ke6 35. Bd4 Be7 {***AUFGEGEBEN***} 1-0

[Event "Match 77__120'/40"]
[Site "Zürich"]
[Date "2024.??.??"]
[Round "25"]
[White "Super Forte C 6 MHz sel. 4"]
[Black "Mephisto Polgar sel. 5"]
[Result "1/2-1/2"]
[WhiteElo "2009"]
[BlackElo "1981"]
[Annotator "Utzinger,K"]
[PlyCount "165"]
[EventDate "2024.??.??"]
[SourceVersionDate "2024.04.21"]

{[%evp 0,165,35,19,13,-10,0,-8,-15,-37,14,11,20,2,21,16,17,14,14,15,15,15,9,24,1,21,-1,-10,1,-33,-31,-56,-31,-36,-31,-38,-53,-38,-50,-51,-56,-40,-54,-78,-77,-87,-83,-83,-69,-48,-49,-56,-52,-110,-108,-115,-76,-152,-76,-153,-84,-101,-96,-125,-105,-115,-137,-126,-75,-99,-105,-115,-113,-120,-128,-125,-183,-176,-134,-134,-75,-93,-102,-108,-113,-129,-129,-141,-141,-127,-91,-91,-82,-79,-69,-69,-69,-69,-69,-69,-69,-69,-69,-69,-69,-69,-69,-69,-69,-69,-69,-69,-69,-69,-69,-69,-69,-69,-69,-69,-69,-69,-69,-69,-69,-69,-69,-69,-69,-69,-69,-69,-62,-62,-62,0,0,0,0,0,0,0,0,0,0,0,0,0,0,0,0,0,0,0,0,0,0,0,0,0,12,9,12,16,14,14,14,14]} 1. d4 d5 {Match 120'/40 | Bediener: Rolf Bühler | 25. Partie: Remis | Zwischenstand: 13,0-12,0 (52,2%) für Super Forte C; hypothetisch: 13,5-11,5 (56,2%) für Mephisto Polgar | Buchzüge total: Super Forte C = 279, Mephisto Polgar = 253 | In einem geschlossenen Katalaner agiert der Super Forte C sel. 4 ab einem gewissen Moment zu passiv. Und danach ist der Mephisto Polgar sel. 5 am Drücker und hätte den Gewinn verdient. Doch erwies sich das entstehende Endspiel als deutlich zu schwierig, so dass sich das Programm von David Kittinger in ein remisliches Läuferendspiel mit einem Bauern weniger retten konnte.} 2. c4 e6 3. g3 Nf6 4. Bg2 Be7 5. Nf3 O-O 6. O-O Nbd7 7. Qc2 c6 8. Nbd2 b6 9. b3 Bb7 10. Bb2 {***ENDE BUCH***} Rc8 11. e4 c5 {***ENDE BUCH***} 12. exd5 exd5 13. Qf5 {Hier gibt es eine ganze Palette von brauchbaren Alternativen:} (13. dxc5 Bxc5 $11 14. Rad1 Qc7 15. Qb1 Rfe8 16. Nd4 Rcd8 17. cxd5 Bxd4 18. Bxd4 Bxd5 19. Bxd5 Nxd5 20. Nf3 Nf8 21. Qf5 Nc3 22. Bxc3 Qxc3 {½-½ (22) Anton,T (2426)-Istratescu,A (2589) Olanesti 2018}) (13. Nh4 cxd4 14. Bxd4 Bc5 15. Qb2 Bxd4 16. Qxd4 Nc5 17. Rad1 dxc4 18. Nxc4 Bxg2 19. Kxg2 Qxd4 20. Rxd4 Ne6 {½-½ (20) Peyrer,K (2395)-Draskovic,L (2510) Vrnjacka Banja 2023}) (13. Rad1 dxc4 14. Nxc4 b5 15. Nce5 cxd4 16. Qe2 Nxe5 17. Nxe5 Bxg2 18. Kxg2 Qd5+ 19. Nf3 Qb7 20. Bxd4 Rfe8 21. Bxf6 {½-½ (21) Hansen,L (2530)-Danielsen,H (2415) Espergarde 1992}) 13... dxc4 14. bxc4 cxd4 15. Bxd4 g6 (15... h6 $5 {um dem Gegner das Feld g5 zu nehmen, kam ebenfalls in Frage.}) 16. Qg5 Nc5 17. Bh3 $6 {Nicht am besten.} Nh5 (17... Ng4 $1 18. Qxg4 Ne6 $1 {droht f7-f5 mit Damengewinn} 19. Bg2 h5 20. Qh3 Nxd4 $17 {mit Vorteil für Schwarz}) 18. Qe3 f5 {Die Stellung ist ausgeglichen.} 19. Rad1 Re8 20. Rfe1 Bf6 21. Bxf6 Nxf6 22. Qg5 Rxe1+ 23. Rxe1 Nfe4 24. Nxe4 Nxe4 25. Qxd8+ Rxd8 $15 {Wenn jemand leicht günstiger steht, ist es bestimmt Schwarz.} {[#]} 26. Re3 $2 {[%mdl 2] Verlustzug gemäss Stockfish bzw. Light 29 MPV-avx2, denn Weiss gerät in eine passive Stellung.} (26. Bg2 Nc5 27. h4 h6 28. Ne5 Bxg2 29. Kxg2 Rd6 $11 {ist ausgeglichen.}) 26... Rd1+ 27. Bf1 Ra1 {Fortsetzungen wie 27...Kf8 oder 27...Kf7 bzw. 27...Kg7 werden von den Engines als stärker eingeschätzt.} ({Light 29 MPV-avx2: 1)} 27... Kf8 28. h4 a5 29. Re2 Nc3 30. Re3 Nb1 31. Ne1 Nd2 32. Bg2 Nxc4 33. Re2 Ba6 34. Bc6 Nd2 35. Re3 Bc4 36. f3 Bxa2 37. Kf2 Nc4 38. Re8+ Kf7 39. f4 Rd2+ 40. Kg1 Rd6 41. Rc8 Ke7 42. Ba4 Nb2 43. Bb5 Rd5 44. Bf1 b5 {[%eval -342,36] [%wdl 0,0,1000]}) ({Light 29 MPV-avx2: 2)} 27... Kf7 28. Ne1 Nd2 29. f4 Kf6 30. Kf2 Ne4+ 31. Kg1 Ra1 32. a3 Nd2 33. Bd3 Ba6 34. Kf2 Bxc4 35. Re8 Rxa3 36. Ke2 Ra2 37. Bxc4 Nxc4+ 38. Kd3 Nd6 39. Ra8 Ne4 40. Nc2 a5 41. Ra7 b5 42. Nd4 Nc5+ 43. Kc3 Ra3+ 44. Kc2 b4 45. Rxh7 a4 46. Rc7 b3+ 47. Kb1 Ne4 48. Rc6+ Ke7 49. Rc7+ Ke8 50. Ne6 Ra2 51. Ng7+ Kf8 52. Ne6+ Kg8 {[%eval -333,36] [%wdl 0,0,1000]}) ({Light 29 MPV-avx2: 3)} 27... Kg7 28. Ne1 Nd2 29. f4 Kf6 30. a3 Ra1 31. Rd3 Nxf1 32. Kxf1 Ke7 33. Re3+ Be4 34. g4 Kd6 35. Kf2 Kc5 36. Nf3 fxg4 37. Rxe4 Ra2+ 38. Kf1 gxf3 39. Re7 Rxa3 40. Rxh7 Kxc4 41. Kf2 b5 42. h4 b4 43. f5 gxf5 44. h5 Ra6 45. h6 Kb3 46. Kxf3 Ka3 {[%eval -339,35] [%wdl 0,0,1000]}) 28. Ra3 a6 29. h3 (29. Rd3 {mit der Drohung Td8+ Kf7, Td7+ Kf6, Txb7 leistet mehr Widerstand} Nc5 30. Rd8+ Kg7 31. Ne5 Rxa2 32. Nd3 Be4 33. Nxc5 bxc5 34. f4 a5 35. Rc8 Kf6 36. Rxc5 a4 37. Ra5 a3 38. c5 Ra1 39. c6 Bd3 40. Rxa3 (40. c7 Rxf1+ 41. Kg2 Rc1 42. Rxa3 Be4+ 43. Kf2 Rxc7 $19) 40... Rxf1+ 41. Kg2 Rd1 42. c7 Be4+ 43. Kf2 Rc1 44. Ra7 h5 45. Ke3 Bd5 46. Kd4 Be6 $19) 29... Rd1 $6 (29... a5 $19 {ist für Weiss weit unangenehmer.}) 30. Re3 Kf8 {Zentralisiert den König und verhindert Te7, falls der schwarze Springer irgendwann mal wegzieht.} 31. h4 Rb1 32. a3 h5 33. Rd3 Ke7 $6 {Schwach, so dass fast der ganze schwarze Vorteil verlorengeht.} (33... Nc5 34. Rc3 Nb3 35. Nh2 a5 36. f3 a4 37. Re3 Kf7 {verhindert Te6} 38. Kf2 Ra1 $19 {und gewinnt.}) 34. Ne5 Kf6 35. Nd7+ $2 $19 {[%mdl 2] So gerät Weiss wieder in eine verlorene Stellung.} (35. f4 $1 $15) 35... Ke6 36. Nf8+ Kf7 37. Nh7 (37. Nd7 g5 $1 38. Ne5+ (38. hxg5 Nxg5 $19) 38... Kf6 39. f4 g4 $19) 37... Bc6 38. Ng5+ Nxg5 39. hxg5 Ke7 $6 {Deutlich stärker war die konsequente Fortsetzung 39...b5!} (39... b5 40. f3 (40. c5 b4 41. axb4 Bb5 $19) 40... bxc4 41. Rc3 Bd5 42. Rc2 Ke7 43. Kg2 Rb3 44. Bxc4 Bxf3+ 45. Kf2 Rxa3 $19) 40. f4 {Die Pforten mit 40.f3 geschlossen zu halten, ist eine Spur besser.} Rb2 (40... Be4 $1 {gewinnt systematisch} 41. Rc3 (41. Rd2 Rb3 $19) 41... Kd6 42. c5+ (42. Kf2 Kc5 $19) 42... bxc5 43. Kf2 a5 44. Bc4 Rb2+ 45. Kf1 Rh2 46. Bf7 h4 47. gxh4 (47. Bxg6 Rh3 48. Kf2 c4 49. Bf7 Rh2+ 50. Ke1 h3 $17) 47... Rxh4 48. Bxg6 Rxf4+ 49. Ke2 Rg4 $19 50. Be8 Rxg5 $19) 41. c5 $5 {Damit kann Weiss dem Gegner das Leben noch schwer machen.} (41. Re3+ Kd6 42. c5+ $5 bxc5 43. Bc4 Rc2 44. Bf7 Be4 45. Bxg6 c4 46. Bxh5 c3 47. Bf3 (47. Kf1 Rh2 48. Bd1 (48. Rxc3 Rxh5) 48... c2 49. Bxc2 Rxc2 $19) 47... Rc1+ 48. Kg2 c2 49. Bxe4 Rg1+ 50. Kxg1 c1=Q+) 41... bxc5 42. Re3+ Kd6 {Jetzt haben wir die gleiche Stellung wie in der Variante 41.Te3 Kd6 42.c5!? bxc5} 43. Bxa6 $2 {[%mdl 2] Nach diesem Bauernschnapp anstelle von 43.Lc4 ist die Partie für Weiss verloren.} Rc2 44. Bd3 Rc3 45. Kf2 Rxa3 $2 {[%mdl 32768] Vergibt den Gewinn, der natürlich meilenweit ausserhalb des Rechenhorizonts des Mephisto Polgar sel. 5 liegt.} (45... c4 46. Bf1 Rc1 47. a4 Kc5 48. a5 Ra1 49. Re6 c3 50. Bd3 Bb5 51. Bxb5 Kxb5 52. Rb6+ Kxa5 53. Rc6 Kb4 54. Ke3 Rd1 55. Ke2 Rg1 56. Kf2 Rh1 57. Ke2 Kb3 58. Rb6+ Kc4 59. Rc6+ Kd4 60. Kf3 Rb1 61. Ke2 Rb2+ 62. Kd1 Rg2 63. Rxg6 Rxg3 64. Rh6 Kd3 65. Rd6+ Ke3 66. Rh6 Kxf4 67. g6 Kg5 68. Rh8 Kf6 $19) 46. Bc4 Rxe3 {Abwicklung in ein remisliches Läufer-/Bauernendspiel.} 47. Kxe3 $11 Bd5 48. Bb5 Ke7 49. Kd3 Bb3 50. Kd2 Bf7 51. Kc2 Kd6 52. Kd3 Kc7 {Es ist nicht zu sehen, wie Schwarz Fortschritte machen könnte.} 53. Ba4 Kb7 54. Bd7 Ka6 55. Kc3 Ka5 56. Bc6 Kb6 57. Bd7 Ka6 58. Ba4 Kb7 59. Bd7 Kb8 60. Bc6 Kc8 61. Ba4 Kd8 62. Bc6 Ke7 63. Bb5 Bg8 64. Bc6 Be6 65. Bb5 Bd7 66. Bc4 Bc8 67. Bd5 Ba6 68. Kd2 Bb5 69. Ke3 Ke8 70. Kd2 Kf8 71. Kc3 Ke7 72. Bg8 Be2 73. Bd5 Bf1 74. Kd2 Ba6 75. Kc3 Be2 76. Bb3 Kf8 77. Bc4 Bf3 78. Bb3 Ke7 79. Bg8 Kd6 80. Bf7 h4 $1 {Erzwungen, wenn Schwarz nicht verlieren will.} 81. gxh4 Bh5 82. Kc4 Be2+ 83. Kb3 {***REMIS ABGEBROCHEN***} 1/2-1/2